El educador y el método de los test /

Guardado en:
Autor Principal: Mialaret, Gastón
Formato: Libro
Publicado: Buenos Aires : Nova, 1961
Materias:
Etiquetas: Agregar Etiqueta
Sin Etiquetas, Sea el primero en etiquetar este registro!
LEADER 00464nam a22001695a 4500
001 CEM.cems006892
005 20060214000000.0
008 130507s1961##################000#0#####d
003 CEMS
082 0 4 |a 370.78 
100 1 |a Mialaret, Gastón 
245 1 0 |a El educador y el método de los test / 
260 |a Buenos Aires :  |b Nova,  |c 1961 
300 |a 136 p. 
653 |a Educacion 
653 |a Educacion-test 
859 |a CEMS  |b BIB. CEMS - 11 de abril  |h 370.78  |i M58-1  |p 3868.75  |t Ej.1